000 00942cam a2200253 4500
001 14560
003 BD-RjUL
005 20211208235642.0
008 140206s1974 au a b i100 0 eng
035 _a(BD-RjUL)14613
040 _aDLC
_cDLC
_dDLC
_dBD-RjUL
_beng
041 0 _aengfrerus
082 0 0 _a621.48335
_bINF 1974
_223
245 1 0 _aFuel and fuel elements for fast reactors :
_bProceedings of a Symposium /
_cheld by the International Atomic Energy Agency in Brussels, 2-6 July 1973.
_nVolume 1
260 _aVienna :
_bInternational Atomic Energy Agency,
_c1974.
300 _a406 p. :
_billus. ;
_c24 cm.
490 1 _aInternational Atomic Energy Agency. Proceedings series
504 _aIncludes bibliographical references.
505 0 _aVol. 1---Vol.2----
650 0 _aNuclear fuels
_xCongresses.
_945400
650 0 _aNuclear fuel elements
_xCongresses.
_945401
650 0 _aFast reactors
_xCongresses.
_945402
942 _2ddc
_cBK
999 _c14560
_d14560